[Event "C.to Italiano U16"]
[Site "Cortina d'Ampezzo ITA"]
[Date "2002.07.04"]
[Round "3"]
[White "Stromboli, Ettore"]
[Black "Jones, Gawain C.B."]
[Result "0-1"]
[WhiteElo "1771"]
[BlackElo "2237"]
[PlyCount "52"]
[EventDate "2002.07.02"]

1. e4 c5 2. Nf3 d6 3. d4 cxd4 4. Nxd4 Nf6 5. Nc3 g6 6. f3 Bg7 7. Be3 O-O 8. Qd2
Nc6 9. O-O-O d5 10. Nxc6 bxc6 11. exd5 Nxd5 12. Nxd5 cxd5 13. Qxd5 Qc7 14. Qc5
Qb8 15. Qa3 Be6 16. Ba6 Qe5 17. Kb1 Rfd8 18. g3 Rxd1+ 19. Rxd1 Rb8 20. Bd4 Qd5
21. c4 Qf5+ 22. Kc1 Bh6+ 23. f4 g5 24. Be5 gxf4 25. gxf4 Qxe5 26. Bb5 Bf5 0-1

[Event "C.to Italiano U16"]
[Site "Cortina d'Ampezzo ITA"]
[Date "2002.07.04"]
[Round "4"]
[White "Cappai, Davide"]
[Black "Pulito, Alberto"]
[Result "1/2-1/2"]
[WhiteElo "1774"]
[BlackElo "2032"]
[PlyCount "104"]
[EventDate "2002.07.02"]

1. e4 e6 2. d4 d5 3. exd5 exd5 4. Nf3 Nf6 5. Bg5 Be7 6. Bd3 Be6 7. O-O Nbd7 8.
Nbd2 O-O 9. c3 c5 10. Qc2 h6 11. Bf4 Rc8 12. Rae1 Re8 13. h3 a6 14. Bf5 Nf8 15.
Nb3 Bxf5 16. Qxf5 Ne4 17. c4 dxc4 18. Qxe4 cxb3 19. axb3 Bf6 20. Qxe8 Qxe8 21.
Rxe8 Rxe8 22. dxc5 Bxb2 23. Rb1 Bf6 24. Be3 Ne6 25. Rd1 Rd8 26. Rxd8+ Nxd8 27.
Kf1 Kf8 28. Ke2 Ne6 29. Kd3 Ke8 30. b4 Kd7 31. Kc4 Kc6 32. g3 Ba1 33. Nh4 Bb2
34. f4 Bf6 35. Nf3 Ba1 36. f5 Nc7 37. Bd4 Bxd4 38. Nxd4+ Kd7 39. Nf3 Nb5 40.
Ne5+ Ke7 41. c6 bxc6 42. Nxc6+ Kd6 43. Nb8 Nc7 44. Kd4 Nb5+ 45. Kc4 Nc7 46. Kd4
Nb5+ 47. Ke4 Nc7 48. g4 f6 49. h4 Ke7 50. Kd4 Kd6 51. Ke4 Ke7 52. Kd4 Kd6
1/2-1/2

[Event "C.to Italiano U16"]
[Site "Cortina d'Ampezzo ITA"]
[Date "2002.07.04"]
[Round "4"]
[White "Guadalupi, Roberto"]
[Black "Battaglia, Edoardo"]
[Result "1/2-1/2"]
[WhiteElo "1558"]
[BlackElo "1464"]
[PlyCount "118"]
[EventDate "2002.07.02"]

1. d4 d5 2. c4 c6 3. e3 Nf6 4. Nc3 a6 5. Bd3 b5 6. cxb5 cxb5 7. Nf3 Bb7 8. O-O
e6 9. Bd2 Be7 10. Qc2 Nc6 11. a3 O-O 12. b4 Qb6 13. Ne5 h6 14. Nf3 Rac8 15.
Rac1 Nd7 16. Qb1 Qa7 17. Qa2 Nb6 18. Ne2 Nc4 19. Bxc4 bxc4 20. Nc3 Rb8 21. Na4
Ba8 22. Nc5 a5 23. Qb1 Bxc5 24. dxc5 axb4 25. axb4 Qa4 26. Rc2 Nxb4 27. Rb2 Nc6
28. Rxb8 Rxb8 29. Qa1 Qxa1 30. Rxa1 Bb7 31. h3 Bc8 32. Bc3 f6 33. Nd4 Ne7 34.
Ra7 Kf8 35. f4 Kf7 36. Nc6 Rb1+ 37. Kh2 Bb7 38. Nd8+ Ke8 39. Nxb7 Nc6 40. Ra8+
Kd7 41. Nd6 Rb3 42. Bd4 e5 43. fxe5 fxe5 44. Ba1 c3 45. Ra2 Nb4 46. Ra7+ Kc6
47. Bxc3 Rxc3 48. Rxg7 Rxe3 49. Nf5 Rd3 50. Rg6+ Kxc5 51. Rxh6 e4 52. g4 e3 53.
Nxe3 Rxe3 54. g5 d4 55. g6 Re6 56. Rh5+ Kc4 57. Rg5 Re8 58. g7 Rg8 59. Rg4 Nd3
1/2-1/2

[Event "C.to Italiano U16"]
[Site "Cortina d'Ampezzo ITA"]
[Date "2002.07.04"]
[Round "4"]
[White "Jones, Gawain C.B."]
[Black "Valentini, Luca"]
[Result "1-0"]
[WhiteElo "2237"]
[BlackElo "1788"]
[PlyCount "55"]
[EventDate "2002.07.02"]

1. e4 c5 2. Nc3 Nc6 3. Bb5 d6 4. Bxc6+ bxc6 5. f4 Qb6 6. d3 g6 7. Nf3 Bg7 8.
O-O e6 9. e5 d5 10. Na4 Qa5 11. b3 Bf8 12. Ba3 Ba6 13. c4 Bb5 14. cxb5 cxb5 15.
Bxc5 bxa4 16. Bxf8 Kxf8 17. bxa4 Kg7 18. Rb1 Ne7 19. Rb5 Qa6 20. Qb3 Rac8 21.
Rb7 Nc6 22. Qb5 Qxb5 23. axb5 Nb4 24. Ng5 Nxd3 25. Rxf7+ Kh6 26. Rxa7 Nxe5 27.
Nxe6 Rhe8 28. Ng5 1-0

[Event "C.to Italiano U16"]
[Site "Cortina d'Ampezzo ITA"]
[Date "2002.07.04"]
[Round "4"]
[White "Lo Curto, Emanuele"]
[Black "Locatelli, Andrea"]
[Result "1-0"]
[WhiteElo "2084"]
[BlackElo "1984"]
[PlyCount "71"]
[EventDate "2002.07.02"]

1. e4 c5 2. Nf3 d6 3. d4 cxd4 4. Nxd4 Nf6 5. Nc3 a6 6. Be3 e5 7. Nb3 Be6 8. Qd2
Nbd7 9. f3 b5 10. g4 Nb6 11. g5 Nfd7 12. O-O-O Rc8 13. Nd5 Bxd5 14. exd5 Nc4
15. Qe1 Be7 16. h4 Qc7 17. Bd3 a5 18. Nd2 Ndb6 19. Bxb6 Qxb6 20. Bxc4 bxc4 21.
c3 a4 22. a3 Rb8 23. Nxc4 Qb3 24. Qe4 O-O 25. Rh2 Rfc8 26. Ne3 Qa2 27. Rc2 Bd8
28. Qxa4 Bb6 29. Ng4 Rc4 30. b4 Qa1+ 31. Kd2 Rd4+ 32. cxd4 Qxd4+ 33. Ke2 Qf4
34. Qd7 Rf8 35. Qe7 Qg3 36. Rf1 1-0

[Event "C.to Italiano U16"]
[Site "Cortina d'Ampezzo ITA"]
[Date "2002.07.04"]
[Round "4"]
[White "Massironi, Marco"]
[Black "Stromboli, Carlo"]
[Result "1-0"]
[WhiteElo "1759"]
[BlackElo "1846"]
[PlyCount "93"]
[EventDate "2002.07.02"]

1. e4 e6 2. d4 d5 3. Nc3 Nf6 4. Bg5 Bb4 5. e5 h6 6. Bd2 Nfd7 7. Qg4 Bf8 8. f4
c5 9. Nf3 cxd4 10. Nxd4 Qb6 11. Nb3 Nc6 12. Bd3 Nb4 13. Qg3 Nc5 14. Nxc5 Qxc5
15. a3 Nxd3+ 16. Qxd3 Bd7 17. Be3 Qc7 18. O-O Bc5 19. Kh1 a6 20. f5 Bxe3 21.
Qxe3 O-O-O 22. fxe6 Bxe6 23. Ne2 Kb8 24. Nd4 Rhe8 25. Rae1 Re7 26. Qg3 Qb6 27.
Qd3 Ka8 28. b3 Qc5 29. b4 Qc4 30. Nb3 Qxd3 31. cxd3 Rc8 32. Rc1 Rxc1 33. Rxc1
Ka7 34. d4 Bd7 35. Nc5 b6 36. Nd3 Kb7 37. Nf4 Be6 38. Kg1 Rc7 39. Rxc7+ Kxc7
40. Kf2 Kc6 41. a4 g5 42. Nxe6 fxe6 43. Kg3 b5 44. a5 h5 45. h4 Kd7 46. hxg5
Ke7 47. Kh4 1-0

[Event "C.to Italiano U16"]
[Site "Cortina d'Ampezzo ITA"]
[Date "2002.07.04"]
[Round "4"]
[White "Navarro, Stefano"]
[Black "Bevilacqua, Andrea"]
[Result "1/2-1/2"]
[WhiteElo "2122"]
[BlackElo "1500"]
[PlyCount "125"]
[EventDate "2002.07.02"]

1. e4 e6 2. d3 d5 3. Nd2 c5 4. g3 Nc6 5. Bg2 Nf6 6. Ngf3 Qc7 7. O-O Bd6 8. c3
O-O 9. Nh4 dxe4 10. dxe4 e5 11. Nc4 Rd8 12. Ne3 Ne7 13. Qc2 Rb8 14. Rd1 b5 15.
Nf3 Qb6 16. b3 Bb7 17. Nd2 Nc6 18. Bb2 Rbc8 19. Ndf1 b4 20. c4 Nd4 21. Bxd4
cxd4 22. Nd5 Nxd5 23. exd5 Be7 24. Qd3 g6 25. Re1 Qd6 26. g4 Bg5 27. Ng3 Bf4
28. Ne4 Qe7 29. Ng3 Qg5 30. h3 Rf8 31. Ne2 Bd2 32. Rf1 Bc3 33. Nxc3 bxc3 34. f4
Qe7 35. d6 Qd7 36. Bxb7 Qxb7 37. fxe5 Qb6 38. Rad1 Qa5 39. Rf2 Rc5 40. Qxd4
Rxe5 41. d7 Rd8 42. b4 Qa4 43. Qxe5 Qxd1+ 44. Rf1 c2 45. Qe8+ Kg7 46. Qxf7+ Kh6
47. Qf4+ Kg7 48. Qf6+ Kh6 49. Qxd8 Qxf1+ 50. Kxf1 c1=Q+ 51. Ke2 Qxc4+ 52. Ke3
Qe6+ 53. Kd4 Qd6+ 54. Kc4 Qc6+ 55. Kb3 Qd5+ 56. Ka3 Qd3+ 57. Ka4 Qa6+ 58. Qa5
Qc6+ 59. Qb5 Qc2+ 60. Ka5 Qxa2+ 61. Qa4 Qd5+ 62. Ka6 Qd4 63. Qc6 1/2-1/2

[Event "C.to Italiano U16"]
[Site "Cortina d'Ampezzo ITA"]
[Date "2002.07.05"]
[Round "5"]
[White "Frontali, Jacopo"]
[Black "Navarro, Stefano"]
[Result "1/2-1/2"]
[WhiteElo "1663"]
[BlackElo "2122"]
[PlyCount "91"]
[EventDate "2002.07.02"]

1. c4 e5 2. Nc3 d6 3. g3 f5 4. d3 Nf6 5. Bg2 Be7 6. e3 c6 7. Nge2 O-O 8. O-O
Qe8 9. f4 Qh5 10. fxe5 dxe5 11. d4 Rd8 12. a3 Nbd7 13. Qc2 Nb6 14. b3 a5 15. a4
e4 16. Nf4 Qh6 17. Qd2 Nh5 18. Nxh5 Qxh5 19. Qe2 Qh6 20. Qf2 Be6 21. Bd2 g6 22.
Rad1 Nd7 23. Bc1 Nf6 24. h3 Rab8 25. Rfe1 Qf8 26. Bf1 Bd6 27. Ne2 b5 28. axb5
cxb5 29. Nf4 Bd7 30. cxb5 Bxf4 31. Bc4+ Kg7 32. Qxf4 Bxb5 33. Qc7+ Kh8 34. Qxa5
Bxc4 35. bxc4 Qd6 36. Qe5 Qxe5 37. dxe5 Nh5 38. Kf2 Ng7 39. Ba3 Ne6 40. Rxd8+
Rxd8 41. Bd6 Rc8 42. Rc1 Nc5 43. Ke2 Kg8 44. g4 Kf7 45. gxf5 gxf5 46. Ra1
1/2-1/2

[Event "C.to Italiano U16"]
[Site "Cortina d'Ampezzo ITA"]
[Date "2002.07.05"]
[Round "5"]
[White "Lain, Luigi"]
[Black "Tomaselli, Maurizio"]
[Result "1-0"]
[WhiteElo "2160"]
[BlackElo "1674"]
[PlyCount "67"]
[EventDate "2002.07.02"]

1. d4 Nf6 2. c4 e5 3. d5 Bc5 4. e3 O-O 5. Be2 d6 6. Nf3 c6 7. Nc3 Bf5 8. O-O
Re8 9. Na4 Nbd7 10. Nh4 Bg6 11. Nxg6 hxg6 12. Nxc5 Nxc5 13. dxc6 bxc6 14. b4
Ne6 15. Bb2 Nc7 16. Qa4 Qd7 17. Rfd1 d5 18. cxd5 cxd5 19. Qxd7 Nxd7 20. Bb5
Rad8 21. Bc6 Na6 22. a3 d4 23. exd4 e4 24. d5 f5 25. Bd4 Re7 26. Bxa7 Ne5 27.
Be3 Nf7 28. h4 Nb8 29. b5 Nd7 30. a4 Nfe5 31. a5 Nd3 32. g3 N7e5 33. a6 Nf3+
34. Kg2 1-0

[Event "C.to Italiano U16"]
[Site "Cortina d'Ampezzo ITA"]
[Date "2002.07.05"]
[Round "5"]
[White "Lo Curto, Emanuele"]
[Black "Jones, Gawain C.B."]
[Result "1-0"]
[WhiteElo "2084"]
[BlackElo "2237"]
[PlyCount "107"]
[EventDate "2002.07.02"]

1. e4 e6 2. d3 d5 3. Nd2 Nf6 4. Ngf3 b6 5. e5 Nfd7 6. d4 c5 7. c3 Be7 8. Bd3
Ba6 9. Bxa6 Nxa6 10. Qe2 Nc7 11. O-O O-O 12. Ne1 f6 13. exf6 Bxf6 14. Ndf3 Qe7
15. Bf4 Ne8 16. Nd3 Nd6 17. Rae1 Rae8 18. Nfe5 Bxe5 19. Bxe5 c4 20. Nf4 Ne4 21.
f3 Ng5 22. Qe3 Nxe5 23. Qxe5 Qf7 24. Ne2 Qf6 25. h4 Nf7 26. Qxf6 gxf6 27. Nf4
Nd8 28. Re2 Kf7 29. Rfe1 Rg8 30. Kf2 b5 31. g4 a6 32. Re3 Rgf8 33. R1e2 Rg8 34.
Re1 Rgf8 35. g5 fxg5 36. hxg5 Rg8 37. Re5 Rgf8 38. Rh1 Kg8 39. Nh5 Nc6 40. Nf6+
Rxf6 41. gxf6 Nxe5 42. dxe5 Kh8 43. Rh6 Kg8 44. Ke3 d4+ 45. Kxd4 b4 46. f4 bxc3
47. bxc3 Rc8 48. f5 exf5 49. e6 f4 50. Ke5 f3 51. f7+ Kg7 52. Rxh7+ Kxh7 53. e7
f2 54. f8=Q 1-0

[Event "C.to Italiano U16"]
[Site "Cortina d'Ampezzo ITA"]
[Date "2002.07.05"]
[Round "5"]
[White "Massironi, Marco"]
[Black "Cappai, Davide"]
[Result "0-1"]
[WhiteElo "1759"]
[BlackElo "1774"]
[PlyCount "54"]
[EventDate "2002.07.02"]

1. e4 c5 2. Nf3 Nc6 3. d4 cxd4 4. Nxd4 g6 5. Bc4 Bg7 6. Be3 Nf6 7. Nc3 O-O 8.
f3 d5 9. exd5 Nb4 10. d6 Qxd6 11. Qd2 e5 12. Ndb5 Qxd2+ 13. Kxd2 Bf5 14. Bc5
Rfd8+ 15. Nd6 Rxd6+ 16. Bxd6 Rd8 17. g4 Rxd6+ 18. Ke2 Bxc2 19. Nb5 Rd7 20. h4
Nd3 21. b3 Bf8 22. Kf1 Nf4 23. Rh2 Bd3+ 24. Bxd3 Rxd3 25. g5 N6d5 26. Rc1 Rxf3+
27. Kg1 b6 0-1

[Event "C.to Italiano U16"]
[Site "Cortina d'Ampezzo ITA"]
[Date "2002.07.05"]
[Round "5"]
[White "Rovai, Andrea"]
[Black "Gasparroni, Riccardo"]
[Result "1-0"]
[WhiteElo "1552"]
[BlackElo "1608"]
[PlyCount "43"]
[EventDate "2002.07.02"]

1. e4 c5 2. Nc3 Nc6 3. g3 g6 4. Bg2 Bg7 5. d3 d6 6. Be3 e6 7. Qd2 Nge7 8. Nge2
Rb8 9. O-O-O b5 10. Rdf1 b4 11. Nd1 Qa5 12. Kb1 Rb6 13. f4 Ra6 14. Nc1 Nd4 15.
Bxd4 Bxd4 16. g4 Bb7 17. f5 gxf5 18. exf5 Bc3 19. Qe2 Bxg2 20. Qxg2 Nd5 21.
fxe6 fxe6 22. Rf6 1-0

[Event "C.to Italiano U16"]
[Site "Cortina d'Ampezzo ITA"]
[Date "2002.07.05"]
[Round "5"]
[White "Scharrer, Patrick"]
[Black "Vecchi, Eugenio"]
[Result "0-1"]
[WhiteElo "2094"]
[BlackElo "1663"]
[PlyCount "136"]
[EventDate "2002.07.02"]

1. e4 g6 2. d4 Bg7 3. Nc3 c6 4. Nf3 d5 5. e5 Bg4 6. h3 Bxf3 7. Qxf3 e6 8. Be3
Ne7 9. Bd3 Nd7 10. O-O O-O 11. Bg5 c5 12. dxc5 Nxe5 13. Qe2 Nxd3 14. Qxd3 Qc7
15. b4 h6 16. Bd2 a6 17. Rae1 Nc6 18. a3 a5 19. Nb5 Qd7 20. f4 Rfd8 21. h4 axb4
22. axb4 Ne7 23. h5 gxh5 24. Nd6 Nf5 25. Nxf5 exf5 26. Rf3 Re8 27. Rfe3 Rxe3
28. Bxe3 Re8 29. Rd1 Re4 30. c3 Qe6 31. Kf2 Qf6 32. Rh1 Qxc3 33. Qxc3 Bxc3 34.
b5 d4 35. Bc1 d3 36. Rd1 Re2+ 37. Kf3 Rc2 38. c6 bxc6 39. b6 Ba5 40. b7 Bc7 41.
Be3 Rb2 42. Rxd3 Rxb7 43. Rc3 Bb6 44. Rxc6 Bxe3 45. Kxe3 Rb3+ 46. Kf2 Kg7 47.
Ra6 h4 48. Rc6 h3 49. gxh3 Rxh3 50. Kg2 Ra3 51. Rb6 h5 52. Rc6 h4 53. Rb6 f6
54. Rb7+ Kg6 55. Rb8 Rg3+ 56. Kh2 Kh5 57. Rf8 Kg4 58. Rxf6 Kxf4 59. Rf8 Re3 60.
Ra8 Kg4 61. Rg8+ Kf3 62. Rf8 f4 63. Rh8 Ke2 64. Rxh4 f3 65. Ra4 f2 66. Ra2+ Kf3
67. Ra4 f1=Q 68. Rf4+ Ke2 0-1

[Event "C.to Italiano U16"]
[Site "Cortina d'Ampezzo ITA"]
[Date "2002.07.06"]
[Round "6"]
[White "Bove, Alessandro"]
[Black "Lain, Luigi"]
[Result "0-1"]
[WhiteElo "1815"]
[BlackElo "2160"]
[PlyCount "138"]
[EventDate "2002.07.02"]

1. e4 e5 2. Nf3 Nc6 3. Bb5 a6 4. Ba4 Nf6 5. d3 b5 6. Bb3 Be7 7. c3 d6 8. Nbd2
Bg4 9. h3 Bh5 10. Qe2 Na5 11. Bc2 c5 12. Nf1 Nc6 13. g4 Bg6 14. Ne3 b4 15. Ba4
Rc8 16. c4 Qa5 17. b3 O-O 18. Bxc6 Rxc6 19. h4 h5 20. g5 Nd7 21. Nf5 Qd8 22.
Rg1 a5 23. Nd2 a4 24. Nf1 Ra6 25. bxa4 Rxa4 26. N1g3 b3 27. a3 Re8 28. Rb1 Qa5+
29. Qd2 Qb6 30. Qc3 Bxf5 31. Nxf5 g6 32. Rxb3 Qa6 33. Ne3 Bd8 34. Ke2 Kh7 35.
Nd5 Kg7 36. Qd2 Nb6 37. Nxb6 Bxb6 38. Qb2 Ba5 39. f4 Qc8 40. fxe5 dxe5 41. Rg3
Qa8 42. Kd1 Re7 43. Qf2 Rd7 44. Qf6+ Kh7 45. Kc2 Rxc4+ 46. Kb2 Bd8 47. Qf2 Ra4
48. Rf3 Qa7 49. Be3 Bb6 50. Qc2 Rb7 51. Ka2 Re7 52. Qb2 Ra6 53. Rf6 Bc7 54.
Rxa6 Qxa6 55. Bxc5 Rd7 56. Qf2 Qe6 57. Qf3 Qc6 58. Qf2 Kg7 59. Bb4 Bb6 60. Qf1
Bd4 61. Qd1 Rc7 62. Kb1 Qe6 63. Ka2 Qh3 64. Be1 Qg2+ 65. Kb1 Qf1 66. Ka2 Bf2
67. Rb1 Bxe1 68. Qxe1 Qxd3 69. Rb2 Rc3 0-1

[Event "C.to Italiano U16"]
[Site "Cortina d'Ampezzo ITA"]
[Date "2002.07.06"]
[Round "6"]
[White "Cappai, Davide"]
[Black "Lo Curto, Emanuele"]
[Result "1/2-1/2"]
[WhiteElo "1774"]
[BlackElo "2084"]
[PlyCount "84"]
[EventDate "2002.07.02"]

1. e4 c5 2. Nf3 d6 3. d4 cxd4 4. Nxd4 Nf6 5. Nc3 e6 6. Be2 Be7 7. Be3 Nc6 8.
O-O O-O 9. Qd2 a6 10. Rad1 Bd7 11. h3 Qc7 12. f4 Nxd4 13. Qxd4 Bc6 14. Bf3 e5
15. fxe5 dxe5 16. Qb6 Qxb6 17. Bxb6 Rac8 18. Rf2 Nd7 19. Be3 Bc5 20. Bxc5 Nxc5
21. Nd5 Bxd5 22. Rxd5 Rfe8 23. b4 Ne6 24. Bg4 Rcd8 25. Bxe6 fxe6 26. Rxe5 Rd4
27. a3 Rc4 28. Rd2 Re7 29. b5 axb5 30. Rxb5 Rxe4 31. Rb4 Re5 32. Rd8+ Kf7 33.
Rb8 Re2 34. Rb2 Kf6 35. R8xb7 Rxb7 36. Rxb7 Rxc2 37. a4 Ra2 38. Ra7 h5 39. a5
g5 40. a6 h4 41. Ra8 Ke5 42. a7 Ke4 1/2-1/2

[Event "C.to Italiano U16"]
[Site "Cortina d'Ampezzo ITA"]
[Date "2002.07.06"]
[Round "6"]
[White "Jones, Gawain C.B."]
[Black "Pulito, Alberto"]
[Result "1-0"]
[WhiteElo "2237"]
[BlackElo "2032"]
[PlyCount "59"]
[EventDate "2002.07.02"]

1. e4 e6 2. d3 d5 3. Qe2 Nf6 4. Nf3 c5 5. g3 Nc6 6. Bg2 Be7 7. O-O b6 8. e5 Nd7
9. c4 d4 10. h4 Bb7 11. Bf4 h6 12. h5 Qc7 13. Nbd2 O-O-O 14. Rfe1 Rde8 15. Bh3
Kb8 16. a3 Bf8 17. Ne4 Qd8 18. g4 Ka8 19. Bg2 f6 20. Ng3 Be7 21. exf6 Bxf6 22.
Ne4 e5 23. Nd6 Re7 24. Bg3 Qc7 25. Nxb7 Kxb7 26. Nh4 Bxh4 27. Bxh4 Rf7 28. b4
Re8 29. b5 e4 30. bxc6+ 1-0

[Event "C.to Italiano U16"]
[Site "Cortina d'Ampezzo ITA"]
[Date "2002.07.06"]
[Round "6"]
[White "Navarro, Stefano"]
[Black "Lorenzini, Luca"]
[Result "1-0"]
[WhiteElo "2122"]
[BlackElo "1597"]
[PlyCount "131"]
[EventDate "2002.07.02"]

1. e4 c5 2. Nf3 e6 3. d4 cxd4 4. Nxd4 a6 5. Nc3 Qc7 6. a3 Nf6 7. Be2 Be7 8. O-O
O-O 9. Be3 Nc6 10. Kh1 d6 11. f4 Rd8 12. Bf3 Bd7 13. Qe1 Nxd4 14. Bxd4 Bc6 15.
Rd1 e5 16. Be3 b5 17. Qf2 Rab8 18. Qd2 Qb7 19. Qd3 b4 20. axb4 Qxb4 21. b3 Bb5
22. Nxb5 Qxb5 23. Rfe1 Rdc8 24. Qxb5 axb5 25. Re2 h6 26. Bc1 b4 27. g3 Rc3 28.
Rd3 Rbc8 29. Rxc3 Rxc3 30. Kg2 Kf8 31. Kf2 Bd8 32. Bd2 Bb6+ 33. Kg2 Rxc2 34.
fxe5 Rxd2 35. Rxd2 dxe5 36. Kf1 Bd4 37. Ke2 Nd7 38. Kd3 Nb6 39. Ra2 Ke7 40.
Ra7+ Kf6 41. Ra5 Bc3 42. Rc5 Bd4 43. Rb5 Nd7 44. Rxb4 Bg1 45. h3 Bh2 46. g4 Kg5
47. Rc4 Kf4 48. Bg2 Kg3 49. Bf1 Kf2 50. Rc2+ Kg3 51. Rc7 Nf6 52. Rxf7 Bg1 53.
Rxg7 Kh4 54. Rg6 Nd7 55. b4 Nb6 56. Rxh6+ Kg5 57. Rh8 Bd4 58. Be2 Kg6 59. h4
Kg7 60. Rd8 Bf2 61. h5 Kh6 62. Rd6+ Kg5 63. Kc3 Nc8 64. Rg6+ Kf4 65. h6 Ne7 66.
Rg7 1-0

[Event "C.to Italiano U16"]
[Site "Cortina d'Ampezzo ITA"]
[Date "2002.07.06"]
[Round "6"]
[White "Vecchi, Eugenio"]
[Black "Locatelli, Andrea"]
[Result "1-0"]
[WhiteElo "1663"]
[BlackElo "1984"]
[PlyCount "95"]
[EventDate "2002.07.02"]

1. c4 Nf6 2. Nc3 g6 3. g3 Bg7 4. Bg2 O-O 5. Nf3 d6 6. O-O Nc6 7. Rb1 a5 8. a3
Nh5 9. d3 f5 10. Bd2 f4 11. b4 axb4 12. axb4 e5 13. b5 Ne7 14. Ng5 h6 15. Nf3
Bg4 16. Qb3 Kh8 17. Ra1 Rb8 18. Ra7 Qd7 19. b6 c6 20. Ne4 Bh3 21. Qa3 Bxg2 22.
Kxg2 c5 23. Qa4 Qe6 24. Qb3 g5 25. Rh1 g4 26. Nh4 Nc6 27. Re1 f3+ 28. Kg1 Nd4
29. Qd1 fxe2 30. Rxe2 Nf3+ 31. Nxf3 gxf3 32. Re3 Qf7 33. Nxd6 Qd7 34. Ne4 Kh7
35. Nxc5 Qc6 36. Ne4 Qxb6 37. Ra1 Qg6 38. Rxf3 Qe6 39. Rxf8 Rxf8 40. Qxh5 Rf5
41. Qh3 Qg6 42. Ra8 Rh5 43. Qg2 Rf5 44. Be3 Qg4 45. Ra7 Qd1+ 46. Qf1 Qb3 47.
Nc5 Qc3 48. Rxb7 1-0

[Event "C.to Italiano U16"]
[Site "Cortina d'Ampezzo ITA"]
[Date "2002.07.06"]
[Round "7"]
[White "Gatterer, Matthias"]
[Black "Amato, Andrea"]
[Result "1/2-1/2"]
[WhiteElo "1642"]
[BlackElo "1840"]
[PlyCount "63"]
[EventDate "2002.07.02"]

1. d4 d5 2. c4 c6 3. Nc3 Nf6 4. Nf3 e6 5. e3 Nbd7 6. Qc2 dxc4 7. Bxc4 b5 8. Bd3
Bb7 9. O-O a6 10. Bd2 c5 11. Be2 Rc8 12. Qd1 Bd6 13. a3 O-O 14. dxc5 Nxc5 15.
Rc1 Qb6 16. b4 Nce4 17. Qb3 Rfd8 18. Nxe4 Nxe4 19. Bc3 Bd5 20. Qb2 Nxc3 21.
Rxc3 Bxf3 22. Rxc8 Rxc8 23. Bxf3 a5 24. bxa5 Qxa5 25. Be2 Rb8 26. Ra1 Be7 27.
Qb3 b4 28. Rb1 Bd6 29. axb4 Rxb4 30. Qd1 Rxb1 31. Qxb1 g6 32. g3 1/2-1/2

[Event "C.to Italiano U16"]
[Site "Cortina d'Ampezzo ITA"]
[Date "2002.07.06"]
[Round "7"]
[White "Lain, Luigi"]
[Black "Jones, Gawain C.B."]
[Result "0-1"]
[WhiteElo "2160"]
[BlackElo "2237"]
[PlyCount "52"]
[EventDate "2002.07.02"]

1. d4 Nf6 2. c4 c5 3. d5 b5 4. cxb5 a6 5. e3 g6 6. Nc3 e6 7. Nf3 Bg7 8. bxa6
Qa5 9. Bd2 Bxa6 10. Bxa6 Qxa6 11. Qe2 O-O 12. Qxa6 Nxa6 13. Ke2 c4 14. b3 Rfc8
15. bxc4 Rxc4 16. a3 Ne4 17. Nxe4 Bxa1 18. Kd3 Rxe4 19. Kxe4 Nc5+ 20. Kf4 Rxa3
21. Rf1 Bf6 22. Ne1 Ra2 23. Nf3 Kg7 24. g4 g5+ 25. Nxg5 Bxg5+ 26. Kxg5 Rxd2 0-1

[Event "C.to Italiano U16"]
[Site "Cortina d'Ampezzo ITA"]
[Date "2002.07.06"]
[Round "7"]
[White "Stromboli, Ettore"]
[Black "Navarro, Stefano"]
[Result "1/2-1/2"]
[WhiteElo "1771"]
[BlackElo "2122"]
[PlyCount "65"]
[EventDate "2002.07.02"]

1. e4 e5 2. Nf3 Nc6 3. d4 exd4 4. Bc4 Nf6 5. O-O Bc5 6. Nbd2 d6 7. Nb3 Bg4 8.
h3 Bh5 9. Bf4 O-O 10. g4 Bg6 11. e5 dxe5 12. Nxe5 Nxe5 13. Bxe5 Bb6 14. Bxd4
Bxd4 15. Nxd4 c5 16. Nf3 Qxd1 17. Raxd1 Bxc2 18. Rd2 Be4 19. Ne5 a6 20. a4 Rab8
21. a5 b5 22. axb6 Rxb6 23. Ra1 Bb7 24. b3 Bc8 25. Nxf7 Be6 26. Rd6 Rxd6 27.
Nxd6 Bxc4 28. bxc4 Ra8 29. Nb5 a5 30. Nc7 Ra7 31. Nb5 Ra6 32. Nc7 Ra7 33. Nb5
1/2-1/2

[Event "C.to Italiano U16"]
[Site "Cortina d'Ampezzo ITA"]
[Date "2002.07.06"]
[Round "7"]
[White "Valentini, Luca"]
[Black "Cappai, Davide"]
[Result "1/2-1/2"]
[WhiteElo "1788"]
[BlackElo "1774"]
[PlyCount "55"]
[EventDate "2002.07.02"]

1. e4 c5 2. Nf3 Nc6 3. d4 cxd4 4. Nxd4 g6 5. c4 Bg7 6. Be3 Nf6 7. Nc3 Ng4 8.
Qxg4 Nxd4 9. Qd1 e5 10. Bxd4 exd4 11. Nd5 O-O 12. Bd3 d6 13. O-O Be6 14. Qd2
Rc8 15. Rac1 Re8 16. Qb4 b6 17. a4 Rc5 18. Qa3 Bxd5 19. cxd5 Qc7 20. Rxc5 dxc5
21. f4 f6 22. g3 Kh8 23. Rc1 Bf8 24. Qa2 Bd6 25. b3 Kg8 26. Qd2 a5 27. Re1 Kf7
28. Re2 1/2-1/2

[Event "C.to Italiano U16"]
[Site "Cortina d'Ampezzo ITA"]
[Date "2002.07.07"]
[Round "8"]
[White "Jones, Gawain C.B."]
[Black "Cappai, Davide"]
[Result "1/2-1/2"]
[WhiteElo "2237"]
[BlackElo "1774"]
[PlyCount "116"]
[EventDate "2002.07.02"]

1. e4 c5 2. Nc3 Nc6 3. Bb5 Nd4 4. Bc4 g6 5. Nf3 Bg7 6. Nxd4 cxd4 7. Qf3 e6 8.
Nb5 d6 9. Qa3 Bf8 10. Nxd4 d5 11. Bb5+ Bd7 12. Qd3 a6 13. Bxd7+ Qxd7 14. e5 Qc7
15. Nf3 Bg7 16. Qc3 Qb6 17. d4 Ne7 18. O-O Rc8 19. Qd3 O-O 20. b3 Rfe8 21. Bb2
Qb5 22. Qd2 Nf5 23. Ne1 f6 24. g4 Nh4 25. exf6 Bxf6 26. f4 g5 27. fxg5 Be7 28.
Nf3 Ng6 29. h4 Rf8 30. a4 Qc6 31. Rac1 Rf4 32. Qg2 Re4 33. Rfe1 Rf8 34. Rxe4
dxe4 35. Nd2 Nxh4 36. Qg3 Nf3+ 37. Nxf3 Rxf3 38. Qb8+ Kf7 39. Qh2 Kg8 40. Rf1
Qd5 41. Qb8+ Bf8 42. Rxf3 exf3 43. Qe5 Qxe5 44. dxe5 Bc5+ 45. Kh2 Bf2 46. b4
Kf7 47. c4 Ke7 48. Kh3 Kd7 49. a5 Kc6 50. Bc3 Kd7 51. b5 Kc7 52. Bd2 Kd7 53. g6
hxg6 54. g5 Bd4 55. Kg3 f2 56. Kg2 Kc7 57. Bf4 Bc3 58. Kxf2 Bxa5 1/2-1/2

[Event "C.to Italiano U16"]
[Site "Cortina d'Ampezzo ITA"]
[Date "2002.07.07"]
[Round "8"]
[White "Lo Curto, Emanuele"]
[Black "Bevilacqua, Andrea"]
[Result "1/2-1/2"]
[WhiteElo "2084"]
[BlackElo "1500"]
[PlyCount "115"]
[EventDate "2002.07.02"]

1. e4 e6 2. d3 d5 3. Nd2 dxe4 4. dxe4 Bc5 5. Ngf3 Nf6 6. Be2 Nc6 7. c3 e5 8.
O-O O-O 9. Qc2 Qe7 10. a4 a5 11. Nc4 h6 12. Ne3 Rd8 13. Nh4 Bxe3 14. fxe3 Ng4
15. Nf5 Bxf5 16. Rxf5 Qh4 17. h3 Nf6 18. Bc4 Rd7 19. Qf2 Qxf2+ 20. Rxf2 Nxe4
21. Rf1 Kf8 22. Bb3 Nf6 23. Bc2 Rad8 24. e4 Ke7 25. Be3 b6 26. Rf2 Ne8 27. Raf1
Nd6 28. Bc1 f6 29. b3 Nb8 30. Ba3 c5 31. Bc1 Nc6 32. Be3 Rf8 33. Rd2 Nb7 34.
Rd5 Rfd8 35. Rfd1 Nb8 36. b4 Rxd5 37. exd5 axb4 38. cxb4 Na6 39. bxc5 Naxc5 40.
Rb1 Rd6 41. Rb5 Kd8 42. a5 Kc7 43. axb6+ Rxb6 44. Rxc5+ Nxc5 45. Bxc5 Rb5 46.
Bf8 Rxd5 47. Bxg7 Rd6 48. Bxh6 Kc6 49. Be3 Kd5 50. Bb3+ Ke4 51. Kf2 Rc6 52. Bd1
Rc3 53. Bf3+ Kf5 54. g4+ Kg6 55. Be4+ Kg7 56. h4 Ra3 57. h5 Kg8 58. Kf3 1/2-1/2

[Event "C.to Italiano U16 femminile"]
[Site "Cortina d'Ampezzo ITA"]
[Date "2002.07.03"]
[Round "2"]
[White "Clappa, Ilaria"]
[Black "Bianchini, Aurora"]
[Result "1/2-1/2"]
[WhiteElo "1561"]
[BlackElo "1552"]
[PlyCount "105"]
[EventDate "2002.07.02"]

1. d4 c5 2. d5 e5 3. e4 d6 4. Nc3 a6 5. a4 f5 6. Nf3 Nf6 7. Bg5 h6 8. Bxf6 Qxf6
9. Bd3 f4 10. h3 Be7 11. Nd2 Qg6 12. Qf3 Nd7 13. Nc4 O-O 14. a5 Nf6 15. Be2 Nh7
16. Nb6 Rb8 17. Nxc8 Rbxc8 18. Qg4 Qf7 19. Qh5 Qf6 20. Bg4 Rb8 21. Be6+ Kh8 22.
Bf5 Qg5 23. Qg6 Qxg6 24. Bxg6 Nf6 25. f3 Bd8 26. Rg1 Nd7 27. Bf5 Nf6 28. g3
fxg3 29. Rxg3 Nxe4 30. Nxe4 Bh4 31. Bg4 Bxg3+ 32. Nxg3 g6 33. Ke2 h5 34. Be6
Rfd8 35. Ne4 Kg7 36. Rg1 b6 37. Bf5 bxa5 38. Rxg6+ Kf7 39. Nxd6+ Ke7 40. Re6+
Kf8 41. Nc4 Rxd5 42. Rh6 Rb4 43. Nxa5 Rxb2 44. Rxa6 Ra2 45. Rf6+ Ke7 46. Re6+
Kf7 47. Rc6 Ke7 48. Nb7 c4 49. Rxc4 Ra7 50. Be4 Rb5 51. Rc7+ Kf6 52. h4 Rb4 53.
Rh7 1/2-1/2